000 00588nam a2200181 u 4500
001 000020373
005 20200929170405.0
008 100806s1957 dr r 000 0 spa d
040 _aDO-SdBNP
_bspa
_cBNPHU
082 _a371
_bA786p, 1957
100 1 _aArtero Bernad, Félix
_943033
245 1 0 _aPreparación y control de las actividades escolares /
_cFélix Artero Bernad.
250 _a2a ed.
260 _aMéxico :
_bHerrero,
_c1957.
300 _a197 p. ;
_c20 cm.
504 _aIncluye bibliografías [p. 191]
650 4 _aActivides creativas y trabajo de clase
_xEnseñanza
_943034
999 _c19877
_d19877